LEADER 01675nam2 22003371i 450 001 UON00525490 005 20240801075037.771 100 $a20240731d1957 |0itac50 ba 101 $aspa 102 $aES 105 $a|||| ||||| 200 1 $a5: España musulmana hasta la caida del califato de Cordoba (711-1031 de J. C.)$eInstituciones y vida social e intelectual$fE. Levi-Provencal$gtraduccion y advertencia preliminar por Emilio Garcia Gomez$gArte califal por Leopolodo Torres Balbás 210 $aMadrid$cEspasa-Calpe$d1957 215 $aXXIV, 838 p., \7! c. di tav.$cill.$d28 cm. 461 1$1001UON00525478$12001 $aHistoria de España$fdirigida por Ramón Menéndez Pidal, José María Jover Zamora$1210 $aMadrid$cEspasa-Calpe$d1947-$1215 $aVolumi$d24 cm$v05 500 1$3UON00525479$aHistoria de España$94399770 606 $aSpagna$xStoria$3UONC062095$2FI 620 $aES$dMadrid$3UONL000218 676 $a946$cStoria della Spagna$v21 700 1$aLEVI-PROVENCAL$bEvariste$3UONV005460$0395380 701 1$aTORRES BALBAS$bLeopoldo$3UONV054559$0400542 702 1$aGARCIA GOMEZ$bEmilio$3UONV009513 702 1$aJOVER ZAMORA$bJose Maria$3UONV050246 702 1$aMenéndez Pidal$bRamón$3UONV116015 712 $aEspasa-Calpe$3UONV255739$4650 801 $aIT$bSOL$c20260220$gRICA 899 $aSIBA - SISTEMA BIBLIOTECARIO DI ATENEO E ARCHIVIO STORICO$2UONSI 912 $aUON00525490 950 $aSIBA - SISTEMA BIBLIOTECARIO DI ATENEO E ARCHIVIO STORICO$dSI S.C II G 01 $eSI MR 74286 7 01 996 $aHistoria de España$94399770 997 $aUNIOR